Бассабыыкка ѳйдѳбүл (Запись № 10055156)

Подробности
000 -МАРКЕР
контрольное поле 01233nam0a2200265 4500
001 - ИДЕНТИФИКАТОР ЗАПИСИ
контрольное поле RU\NLR\BIBL_A\010478332
005 - ИДЕНТИФИКАТОР ВЕРСИИ
контрольное поле 20260406104805.0
035 ## - ДРУГИЕ СИСТЕМНЫЕ НОМЕРА
Идентификатор записи (NLR Aleph) 010478332
100 ## - ДАННЫЕ ОБЩЕЙ ОБРАБОТКИ
Данные общей обработки 20141017d1932 |||y0rusy50 ca
101 0# - ЯЗЫК РЕСУРСА
Язык текста, звукозаписи и т.д. якутский
102 ## - СТРАНА ПУБЛИКАЦИИ ИЛИ ПРОИЗВОДСТВА
Страна публикации Российская Федерация
105 ## - ПОЛЕ КОДИРОВАННЫХ ДАННЫХ: ТЕКСТОВЫЕ МАТЕРИАЛЫ, МОНОГРАФИЧЕСКИЕ
Кодированные данные о монографическом текстовом документе a|||z|||000yy
200 1# - ЗАГЛАВИЕ И СВЕДЕНИЯ ОБ ОТВЕТСТВЕННОСТИ
Основное заглавие Бассабыыкка ѳйдѳбүл
Сведения, относящиеся к заглавию баартыйаҕа саҥа киирбит силиэннэргэ уонна бэйэни үѳрэтиигэ кѳмѳ
Первые сведения об ответственности Б. Киэрсэнсэп
Последующие сведения об ответственности Боруооарап Дь. С. тылб.
210 ## - ПУБЛИКАЦИЯ, РАСПРОСТРАНЕНИЕ И ДР.
Место издания, распространения и т.д. Дьокуускай
Имя издателя, распространителя и т. д. Судаарыстыба Саха сиринээҕи бэчээттир суута
Дата издания, распространения и т.д. 1932
215 ## - ФИЗИЧЕСКАЯ ХАРАКТЕРИСТИКА
Специфическое обозначение материала и объем 260, [4] c.
Другие сведения о физической характеристике портр., ил.
Размеры 21
300 ## - ОБЩИЕ ПРИМЕЧАНИЯ
Текст примечания Латин. графика
541 1# - ПЕРЕВОД ЗАГЛАВИЯ, СДЕЛАННЫЙ КАТАЛОГИЗАТОРОМ
Заглавие Памятка большевика
Сведения, относящиеся к заглавию пособие для новых членов партии и для самообразования
Язык заглавия русский
686 1# - ИНДЕКСЫ ДРУГИХ КЛАССИФИКАЦИЙ
Индекс Ф61(2)51
700 #1 - ИМЯ ЛИЦА - ПЕРВИЧНАЯ ОТВЕТСТВЕННОСТЬ
Код отношения Автор
Материалы, к которым относится поле rus
Графика поля Кириллица
Начальный элемент ввода Керженцев
Часть имени, кроме начального элемента ввода П. М.
Даты 1881-1940
Расширение инициалов личного имени Платон Михайлович
Идентификатор авторитетной/нормативной записи RU\NLR\AUTH\7797591
Системный номер авторитетной/нормативной записи 80517
852 ## - МЕСТОНАХОЖДЕНИЕ И ШИФР ХРАНЕНИЯ
Идентификатор организации NLR
Наименование фонда или коллекции (Sub-Location Identifier) ОНЛ
Шифр хранения (Call Number) Якут./3-406
942 ## - ДОПОЛНИТЕЛЬНЫЕ ЭЛЕМЕНТЫ ЗАПИСИ (АБИС)
Тип экземпляра АБИС Книга
980 ## - КОЛЛЕКЦИЯ
Название коллекции Национальная библиография
Экземпляры
Тип экземпляра Дата поступления Библиотека постоянного хранения Библиотека текущего хранения Место хранения Шифр хранения Штрих-код Статус экземпляра
Книга 17.10.2014 РНБ (Московский) РНБ (Московский) Фонд национальных литератур ОНЛ Якут./3-406 1-385744